| 000 -ლიდერი |
| ფიქსირებული სიგრძის საკონტროლო ველი |
01017nam a22001937a 4500 |
| 003 - საკონტროლო ნომრის იდენტიფიკატორი |
| საკონტროლო ველი |
Ge_BSU |
| 005 - ბოლო ოპერაციის თარიღი და დრო |
| საკონტროლო ველი |
20230407164244.0 |
| 008 - ფიქსირებული სიგრძის მონაცემთა ელემენტები - ზოგადი ინფორმაცია |
| ფიქსირებული სიგრძის საკონტროლო ველი |
230407s1960 ge ||||| |||| 00| 0 geo d |
| 041 ## - ენის კოდი |
| Language code of text/sound track or separate title |
geo |
| 080 ## - უნივერსალური ათობითი კლასიფიკაციის ინდექსი |
| Universal Decimal Classification number |
930.2:003.071(=353.1)(569.4) წ-39 |
| 100 ## - მთავარი ჩანაწერი - პიროვნების სახელი |
| Personal name |
წერეთელი, გ. |
| 9 (RLIN) |
17558 |
| 245 ## - ცნობა სათაურის შესახებ |
| Title |
უძველესი ქართული წარწერები პალესტინიდან / |
| Statement of responsibility, etc |
გ. წერეთელი ; საქ. სსრ მეცნ. აკად., აღმოსავლეთმცოდნ. ინ-ტი. |
| 264 ## - წარმოების, გამოცემის, დისტრიბუციის და სხვა ცნობები |
| გამოცემის, წარმოების, დისტრიბუციის... ადგილი |
თბილისი : |
| გამოცემის, წარმოების, დისტრიბუციის... სახელწოდება |
საქ. სსრ მეცნ. აკად. გამ-ბა, |
| გამოცემის, წარმოების, დისტრიბუციის... თარიღი |
1960. |
| 300 ## - ფიზიკური აღწერა |
| Extent |
94 გვ. : |
| Other physical details |
1 ფ. ტაბულ. ; |
| Dimensions |
25 სმ. |
| 504 ## - BIBLIOGRAPHY, ETC. NOTE |
| Bibliography, etc |
ბიბლიოგრ. შენიშვნებში. |
| 520 ## - SUMMARY, ETC. |
| Summary, etc |
დამატ. თავფ. და რეზ. რუს. და ინგლ. ენ. |
| 653 ## - INDEX TERM--UNCONTROLLED |
| Uncontrolled term |
ქართული წარწერები |
| 942 ## - ADDED ENTRY ELEMENTS (KOHA) |
| Source of classification or shelving scheme |
|
| Koha item type |
წიგნი |